[Event "Heusenstamm Sparkassen op-A 7th"]
[Site "Heusenstamm"]
[Date "2021.11.21"]
[Round "7.13"]
[White "Steudel, Max"]
[Black "Schulze, Lara"]
[Result "1/2-1/2"]
[WhiteElo "2052"]
[BlackElo "2294"]
[PlyCount "81"]
[EventDate "2021.11.18"]
[EventType "swiss"]
[EventRounds "7"]
[EventCountry "GER"]
[SourceTitle "EXT 2023"]
[Source "ChessBase"]
[SourceDate "2022.10.05"]
[SourceVersion "1"]
[SourceVersionDate "2022.10.05"]
[SourceQuality "1"]

1. d4 Nf6 2. Nf3 e6 3. Bf4 d5 4. c3 Bd6 5. e3 0-0 6. Nbd2 c5 7. Bd3 Bxf4 8. exf4 Qc7 9. g3 b6 10. Qe2 a5 11. 0-0 Ba6 12. Rfe1 Bxd3 13. Qxd3 Nc6 14. a3 Ne7 15. Ne5 Rac8 16. Rac1 Nf5 17. Ndf3 Ne4 18. dxc5 Nxc5 19. Qe2 Rfd8 20. Nd4 Nd6 21. Nb5 Nxb5 22. Qxb5 Ne4 23. Kg2 Qb7 24. Kg1 Rc5 25. Qd3 Rdc8 26. Rcd1 Nd6 27. Qf3 b5 28. Rd4 g6 29. g4 Nc4 30. f5 exf5 31. Nxc4 Rxc4 32. gxf5 Rxd4 33. cxd4 Qb6 34. Qxd5 Qf6 35. fxg6 hxg6 36. Qe5 Qh4 37. Qxb5 Qg4+ 38. Kh1 Qf3+ 39. Kg1 Qg4+ 40. Kf1 Qh3+ 41. Kg1 1/2-1/2

[Event "Heusenstamm Sparkassen op-A 7th"]
[Site "Heusenstamm"]
[Date "2021.11.19"]
[Round "2.53"]
[White "Steudel, Max"]
[Black "Muedder, Melanie"]
[Result "1-0"]
[WhiteElo "2052"]
[BlackElo "1766"]
[PlyCount "59"]
[EventDate "2021.11.18"]
[EventType "swiss"]
[EventRounds "7"]
[EventCountry "GER"]
[SourceTitle "EXT 2023"]
[Source "ChessBase"]
[SourceDate "2022.10.05"]
[SourceVersion "1"]
[SourceVersionDate "2022.10.05"]
[SourceQuality "1"]

1. d4 Nf6 2. Nf3 g6 3. Nc3 d5 4. Bf4 Bg7 5. Nb5 Na6 6. h3 0-0 7. e3 c6 8. Nc3 Qa5 9. Qd2 c5 10. Bxa6 Qxa6 11. dxc5 Bd7 12. Be5 Bc6 13. Qd3 Qa5 14. Qd4 Qa6 15. b4 b6 16. cxb6 axb6 17. a4 Bb7 18. b5 Qa5 19. 0-0 Rac8 20. Nd2 Nh5 21. Bxg7 Nxg7 22. Ncb1 Rxc2 23. Nb3 Qa7 24. a5 Rc4 25. Qxb6 Qxb6 26. axb6 Nf5 27. Ra7 Nd6 28. Na5 Ra8 29. Nxb7 Rxa7 30. bxa7 1-0

[Event "Hessenliga 1921"]
[Site "Hessen"]
[Date "2021.09.04"]
[Round "8.6"]
[White "Steudel, Max"]
[Black "Voellinger, Florian"]
[Result "0-1"]
[WhiteElo "1912"]
[BlackElo "1866"]
[PlyCount "72"]
[EventDate "2019.09.22"]
[EventType "team-tourn"]
[EventRounds "9"]
[EventCountry "GER"]
[SourceTitle "EXT 2024"]
[Source "ChessBase"]
[SourceDate "2023.10.10"]
[SourceVersion "1"]
[SourceVersionDate "2023.10.10"]
[SourceQuality "1"]
[WhiteTeam "Frankfurt Bvk"]
[BlackTeam "Dettingen"]
[WhiteTeamCountry "GER"]
[BlackTeamCountry "GER"]

1. c4 e6 2. Nf3 d5 3. e3 Nf6 4. Nc3 Be7 5. b3 0-0 6. Bb2 Nbd7 7. d4 c6 8. Bd3 a6 9. 0-0 b5 10. Qc2 b4 11. Na4 a5 12. Ne5 dxc4 13. bxc4 Qc7 14. c5 h6 15. f4 Ba6 16. Bxa6 Rxa6 17. Qd3 Ra7 18. a3 Rb8 19. Nc4 Rab7 20. axb4 Rxb4 21. Bc3 Rb3 22. Qc2 Nd5 23. Bxa5 Qb7 24. Bd2 Qb5 25. Ra2 Ra8 26. Rfa1 f5 27. Ra3 Rb8 28. Ne5 Nxe5 29. fxe5 Bg5 30. Nb6 Nxb6 31. Rxb3 Qe2 32. Qb2 Nd7 33. Rxb8+ Nxb8 34. Qxb8+ Kh7 35. h4 Bxh4 36. Ba5 Bf2+ 0-1

[Event "Hessenliga 1921"]
[Site "Hessen"]
[Date "2020.03.08"]
[Round "7.7"]
[White "Artola Pola, Gerardo"]
[Black "Steudel, Max"]
[Result "1/2-1/2"]
[WhiteElo "2010"]
[BlackElo "1912"]
[PlyCount "100"]
[EventDate "2019.09.22"]
[EventType "team-tourn"]
[EventRounds "9"]
[EventCountry "GER"]
[SourceTitle "EXT 2024"]
[Source "ChessBase"]
[SourceDate "2023.10.10"]
[SourceVersion "1"]
[SourceVersionDate "2023.10.10"]
[SourceQuality "1"]
[WhiteTeam "Frankfurt TV"]
[BlackTeam "Frankfurt Bvk"]
[WhiteTeamCountry "GER"]
[BlackTeamCountry "GER"]

1. e4 c5 2. g3 d5 3. exd5 Qxd5 4. Nf3 Bg4 5. Bg2 Qe6+ 6. Kf1 Nc6 7. h3 Bh5 8. d3 Qd7 9. Be3 e6 10. Nc3 Rc8 11. Kg1 Nf6 12. Kh2 Be7 13. Re1 0-0 14. a4 Nd5 15. Nxd5 exd5 16. Qd2 b6 17. c3 d4 18. cxd4 Bxf3 19. Bxf3 cxd4 20. Bxc6 Rxc6 21. Bxd4 Rd6 22. Bc3 Rxd3 23. Qe2 Bc5 24. Kg2 Rd8 25. Qe5 f6 26. Qe6+ Qxe6 27. Rxe6 Kf7 28. Rae1 Kg6 29. R1e4 R8d7 30. Rc4 Bd4 31. Rec6 Bxc3 32. Rxc3 Rd2 33. b3 R7d3 34. Rc7 Rxc3 35. Rxc3 Rb2 36. g4 a5 37. Kg3 h5 38. f3 hxg4 39. fxg4 Rd2 40. Re3 Rd4 41. Rf3 Rb4 42. Rd3 Kf7 43. Kf3 Ke6 44. Ke2 g5 45. Kf3 Ke5 46. Re3+ Kd4 47. Ke2 Kc5 48. Rf3 Re4+ 49. Kd3 Re6 50. Kc3 Kd5 1/2-1/2

[Event "Hessenliga 1921"]
[Site "Hessen"]
[Date "2019.09.22"]
[Round "1.6"]
[White "Steudel, Max"]
[Black "Hoeck, Raimund"]
[Result "1-0"]
[WhiteElo "1912"]
[BlackElo "2017"]
[PlyCount "47"]
[EventDate "2019.09.22"]
[EventType "team-tourn"]
[EventRounds "9"]
[EventCountry "GER"]
[SourceTitle "EXT 2024"]
[Source "ChessBase"]
[SourceDate "2023.10.10"]
[SourceVersion "1"]
[SourceVersionDate "2023.10.10"]
[SourceQuality "1"]
[WhiteTeam "Frankfurt Bvk"]
[BlackTeam "Griesheim II"]
[WhiteTeamCountry "GER"]
[BlackTeamCountry "GER"]

1. e4 c5 2. Nc3 d6 3. f4 Nc6 4. Nf3 g6 5. Bb5 Bd7 6. Bxc6 Bxc6 7. d4 cxd4 8. Qxd4 Nf6 9. Be3 Bg7 10. 0-0-0 0-0 11. Qd3 Qc7 12. Bd4 Rfd8 13. Rhe1 e6 14. Kb1 b6 15. h3 Qb7 16. Qe3 b5 17. e5 b4 18. exf6 bxc3 19. Bxc3 Bf8 20. Ng5 Bxg2 21. Rg1 Bd5 22. h4 Rdc8 23. h5 Rc4 24. hxg6 1-0

[Event "Frankfurt-chA"]
[Site "Frankfurt"]
[Date "2019.06.03"]
[Round "6"]
[White "Steudel, Max"]
[Black "Keller, Peter1"]
[Result "0-1"]
[WhiteElo "1970"]
[BlackElo "2201"]
[PlyCount "66"]
[EventDate "2019.04.29"]
[EventType "swiss"]
[EventRounds "7"]
[EventCountry "GER"]
[SourceTitle "EXT 2020"]
[Source "ChessBase"]
[SourceDate "2019.10.17"]
[SourceVersion "1"]
[SourceVersionDate "2019.10.17"]
[SourceQuality "1"]

1. e4 e5 2. Nf3 Nc6 3. Nc3 Nf6 4. d4 exd4 5. Nxd4 Bb4 6. Nxc6 bxc6 7. Bd3 d5 8. exd5 0-0 9. 0-0 cxd5 10. h3 h6 11. Qf3 c6 12. Bf4 Re8 13. Ne2 Ne4 14. Rad1 Qf6 15. c3 Bc5 16. Bxe4 Rxe4 17. Be3 Qxf3 18. gxf3 Re8 19. Nd4 Bxh3 20. Rfe1 Bd7 21. b4 Bb6 22. Nb3 Re6 23. Nc5 Rg6+ 24. Kh1 Bh3 25. Rg1 Rxg1+ 26. Kxg1 Kh7 27. f4 a5 28. a3 axb4 29. axb4 Ra2 30. Kh2 Bf5 31. Kg2 h5 32. Rh1 Kh6 33. Kf3 Bxc5 0-1

[Event "Frankfurt-chA"]
[Site "Frankfurt"]
[Date "2019.04.30"]
[Round "1"]
[White "John, Volkmar"]
[Black "Steudel, Max"]
[Result "0-1"]
[WhiteElo "1646"]
[BlackElo "1970"]
[PlyCount "90"]
[EventDate "2019.04.29"]
[EventType "swiss"]
[EventRounds "7"]
[EventCountry "GER"]
[SourceTitle "EXT 2020"]
[Source "ChessBase"]
[SourceDate "2019.10.17"]
[SourceVersion "1"]
[SourceVersionDate "2019.10.17"]
[SourceQuality "1"]

1. Nf3 c5 2. c4 Nc6 3. Nc3 g6 4. g3 Bg7 5. Bg2 d6 6. 0-0 e6 7. Rb1 Nge7 8. a3 0-0 9. b4 Rb8 10. Na4 b6 11. Bb2 e5 12. b5 Nd4 13. e3 Nxf3+ 14. Bxf3 Be6 15. Qe2 f5 16. Bg2 d5 17. cxd5 Bxd5 18. Bxd5+ Qxd5 19. Nc3 Qe6 20. d4 cxd4 21. exd4 e4 22. Rfd1 Rbd8 23. Rd2 Rxd4 24. Rxd4 Bxd4 25. Rd1 Be5 26. Qd2 Rc8 27. Na4 Bxb2 28. Qxb2 Kf7 29. Rd2 Qc4 30. Rd4 Qc1+ 31. Kg2 Qxb2 32. Nxb2 Rc5 33. Nc4 Rd5 34. Rxd5 Nxd5 35. Nd6+ Ke6 36. Nc8 Nc3 37. Nxa7 Kd5 38. Kf1 Kc5 39. a4 Nxa4 40. Nc6 Nc3 41. Ne5 Kxb5 42. Nf7 Nd5 43. Ke2 Kc5 44. Ng5 Nf6 45. f3 b5 0-1

[Event "Heusenstamm Sparkassen op-A 5th"]
[Site "Heusenstamm"]
[Date "2018.11.25"]
[Round "7"]
[White "Haenselmann, Hendrik"]
[Black "Steudel, Max"]
[Result "0-1"]
[WhiteElo "1705"]
[BlackElo "1951"]
[PlyCount "98"]
[EventDate "2018.11.22"]
[EventType "swiss"]
[EventRounds "7"]
[EventCountry "GER"]
[SourceTitle "CBM 188 Extra"]
[Source "ChessBase"]
[SourceDate "2019.02.28"]
[SourceVersion "1"]
[SourceVersionDate "2019.02.28"]
[SourceQuality "1"]

1. e4 d5 2. exd5 Qxd5 3. Nc3 Qd8 4. d4 Nf6 5. Nf3 Bg4 6. h3 Bxf3 7. Qxf3 c6 8. Be3 e6 9. 0-0-0 Bb4 10. Bf4 Qa5 11. Kb1 Bxc3 12. Qxc3 Qxc3 13. bxc3 Ne4 14. Rd2 Nxd2+ 15. Bxd2 Nd7 16. Bd3 0-0 17. Re1 Nf6 18. Kb2 b5 19. Re5 Nd5 20. g3 Rab8 21. a3 Nb6 22. Be3 Nc4+ 23. Bxc4 bxc4+ 24. Ka2 Rb5 25. Rxb5 cxb5 26. f4 f6 27. Kb2 Kf7 28. Kc1 Kg6 29. g4 h5 30. Kd2 hxg4 31. hxg4 Rh8 32. Kc1 Rh2 33. Kb2 Rg2 34. g5 fxg5 35. fxg5 Kf5 36. Bc1 Rxg5 37. Bxg5 Kxg5 38. a4 bxa4 39. Ka3 Kf4 40. Kxa4 Ke4 41. Kb4 Kd5 42. Kb5 g5 43. Ka6 g4 44. Kxa7 g3 45. Kb6 g2 46. Ka5 g1Q 47. Kb5 Qb1+ 48. Ka6 Kc6 49. d5+ exd5 0-1

[Event "Eschborn op"]
[Site "Eschborn"]
[Date "2018.10.05"]
[Round "1"]
[White "Steudel, Max"]
[Black "Gutacker, Stephan"]
[Result "1/2-1/2"]
[WhiteElo "1981"]
[BlackElo "1855"]
[PlyCount "74"]
[EventDate "2018.10.05"]
[EventType "swiss"]
[EventRounds "5"]
[EventCountry "GER"]
[SourceTitle "CBM 187 Extra"]
[Source "ChessBase"]
[SourceDate "2018.11.04"]
[SourceVersion "1"]
[SourceVersionDate "2018.11.04"]
[SourceQuality "1"]

1. d4 Nf6 2. Bf4 d5 3. e3 Bf5 4. c3 e6 5. Qb3 Qc8 6. Be2 Be7 7. h3 Nbd7 8. Nf3 h6 9. Nbd2 0-0 10. Ne5 Nxe5 11. dxe5 Ne4 12. Nxe4 Bxe4 13. f3 Bh7 14. 0-0-0 c5 15. c4 Rd8 16. g4 a6 17. Qb6 Rd7 18. cxd5 Bd8 19. Qb3 c4 20. Qc3 exd5 21. e4 dxe4 22. fxe4 b5 23. Bf3 Rd3 24. Rxd3 cxd3 25. Rd1 Qc4 26. Rxd3 Qxa2 27. Qc6 Qc4+ 28. Qxc4 bxc4 29. Rd6 Kf8 30. Kc2 Ke7 31. Kc3 a5 32. Rc6 a4 33. Bc1 Rb8 34. Bd1 Ba5+ 35. Kd4 Bb6+ 36. Kc3 Ba5+ 37. Kd4 Bb6+ 1/2-1/2

[Event "Frankfurt-chA"]
[Site "Frankfurt"]
[Date "2018.05.07"]
[Round "2"]
[White "Steudel, Max"]
[Black "Froehlich Dill, Astrid"]
[Result "1-0"]
[WhiteElo "1943"]
[BlackElo "1786"]
[PlyCount "101"]
[EventDate "2018.04.30"]
[EventType "swiss"]
[EventRounds "7"]
[EventCountry "GER"]
[SourceTitle "EXT 2019"]
[Source "ChessBase"]
[SourceDate "2018.10.10"]
[SourceVersion "1"]
[SourceVersionDate "2018.10.10"]
[SourceQuality "1"]

1. e4 g6 2. Nc3 Bg7 3. f4 d6 4. Nf3 Nc6 5. Bc4 e6 6. d3 Bd7 7. Bb3 Nd4 8. Nxd4 Bxd4 9. Qf3 c5 10. Be3 Qa5 11. 0-0 Ne7 12. Bxd4 cxd4 13. Ne2 Qc5 14. f5 gxf5 15. exf5 0-0-0 16. fxe6 fxe6 17. Qf6 d5 18. Qxd4 b6 19. Rf7 Nf5 20. Qxc5+ bxc5 21. c3 h5 22. Re1 Rdg8 23. Nf4 Nh6 24. Rf6 Ng4 25. Rg6 Rxg6 26. Nxg6 Rh6 27. Ne5 Be8 28. d4 c4 29. Nxg4 hxg4 30. Bd1 Rg6 31. Kf2 Kd7 32. Kg3 Rg7 33. Bxg4 Bh5 34. h3 Bxg4 35. hxg4 Kd6 36. Re5 Rb7 37. Re2 Ke7 38. g5 Kf7 39. Kf4 Rb6 40. g4 Kg6 41. a3 Kg7 42. Rh2 a5 43. Ke5 a4 44. Rh6 Rxb2 45. Rxe6 Rb3 46. Ra6 Rxa3 47. Kxd5 Rxc3 48. Rxa4 Rg3 49. Kxc4 Rxg4 50. Ra5 Kg6 51. Re5 1-0